読売新聞 2023年日本の主なニュース - Statistics

General Stats
  • This quiz has been taken 332 times
  • The average score is 24 of 57
Answer Stats
月日 Answer % Correct
10月11日 将棋の{藤井聡太}竜王が史上初の八冠
91%
1月3日 {箱根駅伝}、駒大が2年ぶり優勝
89%
4月15日 {岸田首相}演説会場に爆発物投げ込み
82%
9月13日 第2次{岸田}再改造内閣発足
82%
8月5日 日大{アメフト}部員、違法薬物で逮捕
81%
10月1日 {大谷翔平}、米大リーグで本塁打王
81%
5月8日 新型コロナが「{5類}」へ移行
80%
2月7~9日 闇バイト強盗、指示役「{ルフィ}」ら逮捕
79%
9月1日 記録的{猛暑}、夏の平均気温過去最高
77%
9月7日 {ジャニーズ}事務所、性加害認め謝罪
73%
3月21日 {WBC}、日本が14年ぶり優勝
69%
5月19~21日 {広島}でG7サミット開催
66%
11月5日 {阪神}38年ぶり日本一
66%
3月21日 岸田首相、{ウクライナ}を電撃訪問
63%
8月23日 夏の甲子園で{慶応}107年ぶり優勝
63%
11月14日 {宝塚}が劇団員死亡で報告書
63%
3月17日 車いすテニス{国枝}さんに国民栄誉賞
62%
11月29日 米軍{オスプレイ}、屋久島沖で墜落
61%
10月11日 {札幌市}が2030年の五輪招致断念
60%
3月13日 {袴田}さんの再審開始を認める
58%
8月24日 {福島第一原発}の処理水放出開始
58%
11月15日 創価学会名誉会長の{池田大作}氏死去
57%
10月13日 {旧統一教会}の解散命令請求
51%
6月27日 歌舞伎俳優の{市川猿之助}容疑者を逮捕
50%
3月16日 {日韓}首脳会談、関係正常化で一致
48%
6月13日 {株}33年ぶり3万3000円超
46%
8月25日 世界陸上やり投げで{北口榛花}「金」
45%
9月4日 {辺野古}問題で最高裁判決、沖縄県の敗訴確定
43%
3月27日 {文化庁}が京都へ移転
38%
11月1日 各地で{クマ}被害、死傷者過去最多
37%
8月31日 {西武池袋}本店でストライキ
36%
3月28日 音楽家の{坂本龍一}さん死去
35%
2月8日 {五輪}で談合、組織委元次長ら逮捕
34%
10月1日 消費税の{インボイス}制度開始
34%
5月11日 {生成AI}急速に普及。著作権侵害など弊害に懸念も
31%
4月9日 日銀新総裁に{植田和男}氏就任
27%
5月29日 岸田首相、秘書官{長男}を更迭
27%
1月4日 岸田首相が{少子化}対策拡充を表明
26%
9月6日 {ガソリン}価格過去最高、物価高続く
26%
11月2日 {所得税}の減税などの経済対策決定
26%
7月25日 {ビッグモーター}が保険金不正請求
24%
6月14日 {陸自}訓練中銃撃、候補生を逮捕
23%
7月16日 17歳{小田凱人}、車いすテニスで四大大会連覇
22%
5月25日 {長野}で発砲立てこもり、4人死亡
19%
6月4日 ネットで脅迫、{ガーシー}前参院議員逮捕
19%
3月7日 次期主力ロケット{H3}打ち上げ失敗
17%
4月6日 沖縄・宮古島周辺で{陸自ヘリ}事故
17%
9月25日 厚労省が{アルツハイマー}新薬を承認
15%
2月6日 囲碁の{仲邑菫}三段が最年少タイトル
11%
10月8日 (歌手の){谷村新司}さん死去
9%
3月3日 作家の{大江健三郎}さん死去
8%
5月26日 {マイナカード}でトラブル相次ぐ
7%
11月13日 {副大臣}、政務官相次ぎ辞任
6%
6月16日 {LGBT}法成立
5%
2月7日 海外{臓器}あっせん、NPO理事長逮捕
4%
9月7日 洋上風力汚職、{秋本衆院議員}を逮捕
4%
3月30日 {電力カルテル}で過去最高額の課徴金
0%
No matching quizzes found
Score Distribution
Percent of People with Each Score
Percentile by Number Answered
Your Score History
You have not taken this quiz